Sensory consistency-testing of special food products for the quality control
Az érzékszervi úton történő konzisztenciavizsgálat általános jelentőségét és szerepét a minősítésben taglalja a szerző. Részletesen ismertetésre kerül a hatos skála szerint történő érzékszervi minősítés módszere. Utóbbit kenyérféleségek, csokoládé, töltelékes húsáru és szilárd zsiradék példáján muta...
Elmentve itt :
| Szerző: | |
|---|---|
| Dokumentumtípus: | Cikk |
| Megjelent: |
Lapkiadó Vállalat
Budapest
1976
|
| Sorozat: | Élelmiszervizsgálati közlemények
22 No. 1-2 |
| Kulcsszavak: | Élelmiszervizsgálat - érzékszervi |
| Tárgyszavak: | |
| Online Access: | http://acta.bibl.u-szeged.hu/80648 |
| LEADER | 01696nab a2200253 i 4500 | ||
|---|---|---|---|
| 001 | acta80648 | ||
| 005 | 20230826105909.0 | ||
| 008 | 230824s1976 hu o 0|| hun d | ||
| 040 | |a SZTE Egyetemi Kiadványok Repozitórium |b hun | ||
| 041 | |a hun | ||
| 041 | |a eng | ||
| 041 | |a ger | ||
| 041 | |a rus | ||
| 100 | 1 | |a Neumann R. | |
| 245 | 1 | 0 | |a Sensory consistency-testing of special food products for the quality control |h [elektronikus dokumentum] / |c Neumann R. |
| 260 | |a Lapkiadó Vállalat |b Budapest |c 1976 | ||
| 300 | |a 36-42 | ||
| 490 | 0 | |a Élelmiszervizsgálati közlemények |v 22 No. 1-2 | |
| 520 | 3 | |a Az érzékszervi úton történő konzisztenciavizsgálat általános jelentőségét és szerepét a minősítésben taglalja a szerző. Részletesen ismertetésre kerül a hatos skála szerint történő érzékszervi minősítés módszere. Utóbbit kenyérféleségek, csokoládé, töltelékes húsáru és szilárd zsiradék példáján mutatja be a szerző. Die allgemeine Bedeutung und Rolle bei der Qualitätsbeurteilung der sensorisch durchgeführten Konsistenzuntersuchung werden besprochen. Dabei wird das nach der Sechserskale durchgeführte System der sensorischen Qualitätsbeurteilung ausführlich beschrieben. Dieses System wird durch verschiedene Beispiele (Brotvarietäten, Schokolade, gefüllte Fleischwaren und Festfett) näher erläutert. | |
| 650 | 4 | |a Műszaki és technológiai tudományok | |
| 650 | 4 | |a Egyéb műszaki tudományok és technológiák | |
| 650 | 4 | |a Élelmiszer és italfélék | |
| 695 | |a Élelmiszervizsgálat - érzékszervi | ||
| 856 | 4 | 0 | |u http://acta.bibl.u-szeged.hu/80648/1/elelmiszervizsgalati_kozlemenyek_1976_01-02_036-042.pdf |z Dokumentum-elérés |